Datum a čas kvízu
11.5
Celkem bodů
Celkový počet nahraných bodů na tomto kvízu bez doplňovacích otázek.
5.
Pořadí na kvízu
Konečné umístění týmu na tomto kvízu.
Zaznamenané odpovědi
| # | Otázka | Odpověď | Body | Výsledky |
|---|---|---|---|---|
| 1. | Český prezident Miloš Zeman se... | Vídeň, šilink (Schilling) | 1 | |
| 2. | Ve výčtu nejlepších aprílových... | z (nakládaných) okurek | 1 | |
| 3. | Knihou roku 2019 je román Hodi... | Magnesia Litera | 0 | |
| 4. | Švédský nábytkářský řetězec IK... | začne nabízet pronájem nábytku | 0 | |
| 5. | Minulý čtvrtek začalo ve finsk... | v ledním hokeji (žen) | 0 | |
| 6. | V tomto tématu ověříme vaše zn... | pouze jelení zvěř | 0 | |
| 7. | Vyberte jedno psí plemeno, kte... | A | 0 | |
| 8. | Která zvířata je možno spatřit... | bílí jeleni | 0 | |
| 9. | Kolikaterák je tento jelen? | desaterák (nerovný) | 1 | |
| 10. | Co v myslivecké mluvě znamená... | kančí kly | 1 |